GETS Theological Seminary Library

Mere theology: (Record no. 245)

MARC details
000 -LEADER
fixed length control field 00673nam a2200205Ia 4500
008 - FIXED-LENGTH DATA ELEMENTS--GENERAL INFORMATION
fixed length control field 200731s9999 xx 000 0 und d
020 ## - INTERNATIONAL STANDARD BOOK NUMBER
International Standard Book Number 083082782X
020 ## - INTERNATIONAL STANDARD BOOK NUMBER
International Standard Book Number 9780830827824 
041 ## - LANGUAGE CODE
Language code of text/sound track or separate title eng
050 ## - LIBRARY OF CONGRESS CALL NUMBER
Classification number BX5199.L53
Item number .V38 2004
100 ## - MAIN ENTRY--PERSONAL NAME
Personal name Vaus, Will
245 ## - TITLE STATEMENT
Title Mere theology:
Remainder of title A guide to the thought of C.S. Lewis /
Statement of responsibility, etc. Will Vaus
260 ## - PUBLICATION, DISTRIBUTION, ETC.
Place of publication, distribution, etc. Downers Grove, Ill. :
Name of publisher, distributor, etc. InterVarsity Press,
Date of publication, distribution, etc. 2004
300 ## - PHYSICAL DESCRIPTION
Extent 266 p.
Other physical details ;
Dimensions 23 cm.
505 ## - FORMATTED CONTENTS NOTE
Formatted contents note Includes bibliographical references (p. [259]-262) and indexes.
650 ## - SUBJECT ADDED ENTRY--TOPICAL TERM
Topical term or geographic name entry element Christian literature, English History and criticism.
650 ## - SUBJECT ADDED ENTRY--TOPICAL TERM
Topical term or geographic name entry element Lewis, C.S.1898-1963 Religion.
650 ## - SUBJECT ADDED ENTRY--TOPICAL TERM
Topical term or geographic name entry element Theology.
Holdings
Withdrawn status Lost status Damaged status Not for loan Home library Current library Shelving location Date acquired Total Checkouts Full call number Barcode Date last seen Price effective from Koha item type
        GETS Theological Seminary Library GETS Theological Seminary Library General Stacks 07/09/2020   BX5199.L53 .V38 2004 00000245 07/09/2020 07/09/2020 English Books
OpacCredits

Contact the Librarian, GETS Library
Email: library@mygets.org









Implemented by GETS Library
(Powered by ETCA Professional Group)
GETS Theological Seminary
412 E. Rowland Street, CA 91723